01483cam a22003974i 4500003000900000005001700009008004100026020001500067035002700082040003300109082002000142100003100162245009200193264006700285300008300352336002100435337002500456338002300481500002600504504002800530505033300558526000900891526000900900526000900909526000900918526000900927526000900936526000800945526000800953526000800961526000800969526000800977526000800985630006300993650002901056PE-LiUPU20250731184531.0150623s r 000 0 d a0805462848 a(Sirsi) i9780805462845 aPE-LiUPUbspacPE-LiUPUerda04a933.01bK172211 aKaiser, Walter C.,eautor.10aHistory of Israel: from the bronze age through the Jewish wars /cWalter C. Kaiser, Jr. 1aNashville, Tennessee :bBroadman and Holman Publishing,c1998. a540 páginas :bilustraciones, cuadros, mapas, gráficos ;c24 centímetros atext2rdacontent aunmediated2rdamedia avolume2rdacarrier aGlosario, p. 493-508. aIncluye bibliografía.0 aThe Patriarchs and the Residence in Egypt-. The Sojourn in Egypt, the Exodus and Sinai-. The Israelite Occupati;on of the Land-. The Period of the Judges-. The Monarchy-. The Divided Monarchy: The Independent Kingdoms of Isreal and Judah-. The Babylonian Exile 605-536 B.C.-. The Persian Hegemony-. The Intertestamental Period. aP136 aP135 aP134 aP133 aP144 aP143 aP87 aP35 aP20 aP14 aP10 aP06 aBiblia.pA.T.xHistoria de los acontecimientos bíblicos.04aJudiosxHistoriay70 dC.